| 000 | 01283cam a2200385 a 4500 | ||
|---|---|---|---|
| 001 | 456685 | ||
| 003 | ARRUPE | ||
| 005 | 20141107113913.0 | ||
| 008 | 860331s1986 caua b 000 0 eng | ||
| 010 | _a 85021924 | ||
| 020 | _a0151055556 | ||
| 035 | _a(OCoLC)12558666 | ||
| 035 | _a(OCoLC)ocm12558666 | ||
| 035 | _a(CStRLIN)NYCG86-B32911 | ||
| 035 | _a(NNC)456685 | ||
| 040 |
_dCStRLIN _cAHHY |
||
| 041 | 1 | _aengspa | |
| 043 |
_an------ _as------ _ae------ |
||
| 050 | 0 |
_aE121 _b.A713 1986 |
|
| 082 | 0 |
_a970.01 _219 |
|
| 090 |
_aE121 _b.A713 1986 |
||
| 100 | 1 |
_aArciniegas, Germán, _d1900-1999. _912476 |
|
| 240 | 1 | 0 |
_aAmérica en Europa. _lEnglish |
| 245 | 1 | 0 |
_aAmerica in Europe : _ba history of the New World in reverse / _cGermán Arciniegas ; translated from the Spanish by Gabriela Arciniegas and R. Victoria Arana. |
| 250 | _a1st ed. | ||
| 260 |
_aSan Diego : _bHarcourt Brace Jovanovich, _cc1986. |
||
| 300 |
_axiv, 298 p. : _bill. ; _c24 cm. |
||
| 500 | _aTranslation of: América en Europa. | ||
| 504 | _aBibliography: p. 293-298. | ||
| 651 | 0 |
_aAmerica _xDiscovery and exploration. _94227 |
|
| 651 | 0 |
_aEurope _xIntellectual life. _912477 |
|
| 651 | 0 |
_aEurope _xCivilization _xAmerican influences. _912478 |
|
| 942 |
_2lcc _cMONOGRAPH |
||
| 999 |
_c121196 _d121196 |
||